000 00439nam a22001697a 4500
999 _c8974
_d8974
003 GBCCL
005 20241126110702.0
008 220209b ||||| |||| 00| 0 eng d
040 _cgbc
082 _a226.607
_bCAR
100 _aCarver, William Owen
_915694
245 _aThe Acts of the Apostles
260 _aNashville:
_bBroadman press,
_c1916.
300 _a270p. ;
650 _aBible
_vActs
_xcommentary
_915695
942 _2ddc
_cBK
_02